ՀՀ Գիտությունների ազգային ակադեմիայի հիմնարար գիտական գրադարան  =   Fundamental Scientific Library of NAS RA

Градостроительство Московского государства XVI-XVII веков / (Record no. 295450)

MARC details
000 -LEADER
fixed length control field 01686nam a2200301 u 4500
001 - CONTROL NUMBER
control field 000816833
003 - CONTROL NUMBER IDENTIFIER
control field AM-YeHGA
005 - DATE AND TIME OF LATEST TRANSACTION
control field 20250617144518.0
008 - FIXED-LENGTH DATA ELEMENTS--GENERAL INFORMATION
fixed length control field 110615s1994 |||| |||||||||| | rus c
020 ## - INTERNATIONAL STANDARD BOOK NUMBER
International Standard Book Number 5274015034
040 ## - CATALOGING SOURCE
Original cataloging agency AM-YeHGA
041 0# - LANGUAGE CODE
Language code of text/sound track or separate title rus
090 ## - LOCALLY ASSIGNED LC-TYPE CALL NUMBER (OCLC); LOCAL CALL NUMBER (RLIN)
-- 297140
245 00 - TITLE STATEMENT
Title Градостроительство Московского государства XVI-XVII веков /
Statement of responsibility, etc. Под общ. ред. Н. Ф. Гуляницкого; Рос. акад. архитектуры и строит. наук, НИИ теории архитектуры и градостроительства; В. В. Кириллов, И. Л. Бусева-Давыдова, Н. Н. Годлевский и др.
260 ## - PUBLICATION, DISTRIBUTION, ETC.
Place of publication, distribution, etc. Москва :
Name of publisher, distributor, etc. Стройиздат,
Date of publication, distribution, etc. 1994.
300 ## - PHYSICAL DESCRIPTION
Extent 317 с. :
Other physical details ил. ;
Dimensions 34 см.
440 #0 - SERIES STATEMENT/ADDED ENTRY--TITLE
Title Русское градостроительное искусство
500 ## - GENERAL NOTE
General note Авт. указаны в содерж.
500 ## - GENERAL NOTE
General note Загл. пер. : РГИ. Загл. корешка: Градостроительство Московского государства XVI-XVII веков
504 ## - BIBLIOGRAPHY, ETC. NOTE
Bibliography, etc. note Указ. имен. и предм.-геогр.: с. 307-316
504 ## - BIBLIOGRAPHY, ETC. NOTE
Bibliography, etc. note Библиогр.: с. 297-305
653 0# - INDEX TERM--UNCONTROLLED
Uncontrolled term Древнерусская архитектура
653 0# - INDEX TERM--UNCONTROLLED
Uncontrolled term Градостроительство в Русском государстве
700 1# - ADDED ENTRY--PERSONAL NAME
Personal name Бусева-Давыдова, И.Л.
700 1# - ADDED ENTRY--PERSONAL NAME
Personal name Годлевский, Н.Н.
700 1# - ADDED ENTRY--PERSONAL NAME
Personal name Гуляницкий, Николай Феодосьевич
710 2# - ADDED ENTRY--CORPORATE NAME
Corporate name or jurisdiction name as entry element НИИ теории архитектуры и градостроительства
Holdings
Withdrawn status Lost status Damaged status Not for loan Collection Home library Current library Date acquired Total checkouts Full call number Barcode Date last seen Price effective from Koha item type Public note
        General Fundamental Scientific Library Fundamental Scientific Library 29/12/2016   PIII/60241 FL0415442 29/12/2016 29/12/2016 Գրքեր / Books 30 Days Loan


ՀՀ ԳԱԱ հիմնարար գիտական գրադարան
ՀՀ,Երևան 0019
Մարշալ Բաղրամյան 24/6
հեռախոս:(374-10) 52-47-50
Հետադարձ կապ

All site content, except where otherwise noted, is licensed under a
Creative Commons License